Kluby I ligi w sezonie 2021/22 - Statystyki

Ogólne statystyki
  • Ten quiz został rozwiązany 48 razy
  • Średni wynik to 13 z 18
Statystyki odpowiedzi
Klub % Poprawnych
Arka Gdynia
96%
Widzew Łódź
96%
ŁKS Łódź
93%
Korona Kielce
87%
Miedź Legnica
87%
GKS Katowice
80%
GKS Tychy
80%
Podbeskidzie Bielsko-Biała
80%
Zagłębie Sosnowiec
78%
Stomil Olsztyn
73%
Resovia Rzeszów
71%
Puszcza Niepołomice
69%
Sandecja Nowy Sącz
67%
Chrobry Głogów
60%
GKS Jastrzębie
60%
Odra Opole
60%
Górnik Polkowice
47%
Skra Częstochowa
47%
Nie znaleziono quizów pasujących do podanych kryteriów
Rozkład punktacji
Procent ludzi z każdym wynikiem
Percentyl według liczby udzielonych odpowiedzi
Twoja historia wyników
Nie rozwiązałeś tego quizu